Nadšený bádateľ v oblasti duchovnej kultúry : Celestín Alojz Lepáček (11.6.1905-8.10.1955)

Podrobná bibliografia
Hlavný autor: Fordinálová, Eva (Author)
Médium: Článok
Jazyk:Slovak
Témy:
Zdroj: 1. Katolícke noviny 1. 0139-8512 1. Roč. 120, č. 40 (2005), s. 24
LEADER 00840nab#a2200289#ar4500
001 000055052
003 SVKKK
005 20051215134335.0
008 050331c2005 xo e slo
FMT
038 |a SVKKK 
040 |a SVKKK  |b slo  |e AACR2 
041 0 |a slo 
044 |a xo  |c SK 
080 |a 929 Lepáček, Celestín Alojz  |2 1997 
245 0 0 |a Nadšený bádateľ v oblasti duchovnej kultúry :  |b Celestín Alojz Lepáček (11.6.1905-8.10.1955)  |c Eva Fordinálová 
600 1 4 |a Lepáček, Celestín Alojz,  |d 1905-1955,  |x literárny historik  |z Trstená (Slovensko)  |x rodák  |x profily 
700 1 |a Fordinálová, Eva  |4 aut 
773 0 |t Katolícke noviny  |x 0139-8512  |g Roč. 120, č. 40 (2005), s. 24 
957 |a 510 
958 |a TS 
974 |a Čr 
992 |a RBX 
BAS
852 |a SVKKK  |b BIB 
EXP
998 |a SLO